Textbook on Muslim Law (Record no. 9602)

MARC details
000 -LEADER
fixed length control field 00431nam a22001817a 4500
005 - DATE AND TIME OF LATEST TRANSACTION
control field 20260406122419.0
008 - FIXED-LENGTH DATA ELEMENTS--GENERAL INFORMATION
fixed length control field 260406b |||||||| |||| 00| 0 eng d
020 ## - INTERNATIONAL STANDARD BOOK NUMBER
International Standard Book Number 9788131253755
041 ## - LANGUAGE CODE
Language English
082 ## - DEWEY DECIMAL CLASSIFICATION NUMBER
Classification number 340.59 SIN
100 ## - MAIN ENTRY--PERSONAL NAME
Main Author Name Singh, Rakesh Kumar
245 ## - TITLE STATEMENT
Title Textbook on Muslim Law
250 ## - EDITION STATEMENT
Edition 3rd.
260 ## - PUBLICATION, DISTRIBUTION, ETC.
Place of publication New Delhi:
publisher Name Universal,
Date of publication 2018.
300 ## - PHYSICAL DESCRIPTION
Number Of Page 405 p.
650 ## - SUBJECT ADDED ENTRY--TOPICAL TERM
Subject Muslim Law
942 ## - ADDED ENTRY ELEMENTS (KOHA)
Koha item type Donated Book
Holdings
Lost status Source of classification or shelving scheme Not for loan Home library Current library Date last seen Koha item type School Total Checkouts Full call number Barcode Copy number Price effective from Withdrawn status Date acquired Source of acquisition Cost, normal purchase price
  Dewey Decimal Classification   BSOL BSOL 06/04/2026 Donated Book School of Law   340.59 SIN G750 1 06/04/2026   06/04/2026 prithivi Raj 525.00

Maintained and Designed by
2cqr automation private limited, Chennai. All Rights Reserved.

You are Visitor Number

PHP Hits Count